[Event "AUTO-OPEN-1324"]
[Site "http://www.queenalice.com/game.php?id=487309"]
[Date "2008.11.3"]
[Round "1"]
[White "yanefernandes"]
[Black "volga1"]
[Result "0-1"]
[WhiteElo "1512"]
[BlackElo "1458"]

1. e4 c5 2. Nf3 e6 3. d4 cxd4 4. Nxd4 a6 5. Nc3 Nc6 6. Be3 Bb4 7. Nxc6 Bxc3+ 8.
bxc3 bxc6 9. Rb1 Nf6 10. Bg5 Qa5 11. Bxf6 gxf6 12. Qf3 Qxa2 13. Rd1 Qxc2 14.
Qxf6 Qxe4+ 15. Be2 Rg8 16. Qf3 Qxf3 17. Bxf3 a5 18. O-O Ba6 19. Rfe1 Rg5 20. Rd2
Rb8 21. Red1 d5 22. h3 Rb3 23. Rc1 Bb5 24. Be2 Bxe2 25. Rxe2 Kd7 26. c4 d4 27.
Ra2 Rc5 28. Kf1 Rb4 29. Ke2 Rbxc4 30. Rxc4 Rxc4 31. Kd3 Rb4 32. Rxa5 f6 33. Ra7+
Kd6 34. Rxh7 e5 35. h4 Rb3+ 36. Kc2 Rc3+ 37. Kd2 e4 38. h5 e3+ 39. Ke2 Rc2+ 40.
Kf1 Rxf2+ 41. Ke1 Rxg2 42. h6 d3 43. Rg7 Rh2 44. h7 Rh1+ 0-1

[Event "AUTO-OPEN-1324"]
[Site "http://www.queenalice.com/game.php?id=487310"]
[Date "2008.11.3"]
[Round "1"]
[White "volga1"]
[Black "yanefernandes"]
[Result "1-0"]
[WhiteElo "1595"]
[BlackElo "1476"]

1. e4 c5 2. d4 cxd4 3. c3 dxc3 4. Nxc3 d6 5. Bc4 a6 6. Be3 Nc6 7. Nf3 Bg4 8.
Bxf7+ Kxf7 9. Ng5+ Ke8 10. Qxg4 Nf6 11. Qe6 Qd7 12. Qxd7+ Nxd7 13. Nd5 Rc8 14.
Ne6 Kf7 15. Ng5+ Ke8 16. Rc1 e5 17. O-O Be7 18. Ne6 Nf6 19. Nxg7+ Kf7 20. Nxe7
Nxe7 21. Nf5 Rxc1 22. Rxc1 Nxe4 23. Nxe7 Kxe7 24. Rc7+ Ke6 25. Rxb7 Nc5 26. Bxc5
dxc5 27. Rb6+ Kd5 28. Rxa6 Rb8 29. b3 c4 30. bxc4+ Kxc4 31. g3 Kd3 32. Ra7 h6
33. a4 Kd4 34. Rh7 Ra8 35. Rxh6 Rxa4 36. Rh4+ e4 37. f3 Ke3 38. Rxe4+ Rxe4 39.
fxe4 Kxe4 40. Kf2 Kf5 41. Kf3 Kg5 42. h3 Kf5 43. g4+ Kg5 44. Kg3 Kh6 45. h4 Kg6
46. Kf4 Kf6 47. h5 Kg7 48. g5 Kf7 49. h6 Kg6 50. Kg4 Kh7 51. Kf5 Kg8 52. g6 Kh8
53. Kf6 Kg8 54. g7 Kh7 55. Kf7 Kxh6 56. g8=Q Kh5 57. Qg3 Kh6 58. Qg6# 1-0

[Event "AUTO-OPEN-1324"]
[Site "http://www.queenalice.com/game.php?id=487311"]
[Date "2008.11.3"]
[Round "1"]
[White "yanefernandes"]
[Black "Matrick"]
[Result "0-1"]
[WhiteElo "1500"]
[BlackElo "2314"]

1. e4 c5 2. Nf3 d6 3. d4 cxd4 4. Nxd4 Nf6 5. Nc3 a6 6. Bg5 e6 7. Bc4 Be7 8. O-O
b5 9. Bd3 h6 10. Bh4 Bb7 11. Re1 O-O 12. Nce2 Nxe4 13. Bxe7 Qxe7 14. f3 Nc5 15.
b4 Nxd3 16. Qxd3 Rc8 17. Rac1 Nd7 18. c4 Ne5 19. Qb1 bxc4 20. f4 Nd3 21. f5 Qh4
22. g3 Qe4 23. Nf4 Qh1# 0-1

[Event "AUTO-OPEN-1324"]
[Site "http://www.queenalice.com/game.php?id=487312"]
[Date "2008.11.3"]
[Round "1"]
[White "Matrick"]
[Black "yanefernandes"]
[Result "1-0"]
[WhiteElo "2311"]
[BlackElo "1500"]

1. d4 d5 2. c4 e6 3. e3 Nd7 4. Nf3 Ngf6 5. Nbd2 c5 6. b3 b6 7. cxd5 exd5 8. Bb5
Bd6 9. dxc5 Bxc5 10. O-O O-O 11. Bb2 a6 12. Bd3 Re8 13. Rc1 a5 14. Bb5 Re7 15.
Nd4 Ba6 16. Nc6 Qe8 17. Nxe7+ Qxe7 18. Bxf6 Nxf6 19. Bxa6 Rxa6 20. Qc2 Ra7 21.
Qf5 Rc7 22. a4 g6 23. Qg5 Qe6 24. Nf3 Ne4 25. Qd8+ 1-0

[Event "AUTO-OPEN-1324"]
[Site "http://www.queenalice.com/game.php?id=487313"]
[Date "2008.11.3"]
[Round "1"]
[White "yanefernandes"]
[Black "yanpom"]
[Result "0-1"]
[WhiteElo "1500"]
[BlackElo "1979"]

1. e4 e5 2. Nf3 Nc6 3. Bc4 Bc5 4. c3 Nf6 5. d4 exd4 6. cxd4 Bb4+ 7. Bd2 Bxd2+ 8.
Nbxd2 O-O 9. O-O d6 10. h3 h6 11. Re1 Re8 12. e5 dxe5 13. dxe5 Nd7 14. Bb5 Ndxe5
15. Nxe5 Rxe5 16. Bxc6 Rxe1+ 17. Qxe1 bxc6 18. Rd1 Ba6 19. Ne4 Qe7 20. Rc1 Bb5
21. b3 Re8 22. f3 f5 23. a4 Ba6 24. Rxc6 Bb7 25. Rc4 fxe4 26. fxe4 Bxe4 27. Qc3
Bxg2 28. Kxg2 Qe2+ 29. Kg1 Qd1+ 30. Kg2 Re2+ 31. Kf3 Qf1+ 32. Kg4 Rg2+ 33. Kh4
g5+ 34. Kh5 Qf7+ 35. Kxh6 Qh7# 0-1

[Event "AUTO-OPEN-1324"]
[Site "http://www.queenalice.com/game.php?id=487314"]
[Date "2008.11.3"]
[Round "1"]
[White "yanpom"]
[Black "yanefernandes"]
[Result "1-0"]
[WhiteElo "1965"]
[BlackElo "1500"]

1. e4 c5 2. Nf3 d6 3. d4 cxd4 4. Nxd4 Nf6 5. Nc3 Bd7 6. Bd3 Nc6 7. Nxc6 Bxc6 8.
O-O g6 9. Be3 Bg7 10. Qd2 O-O 11. Bh6 Ng4 12. Bxg7 Kxg7 13. f3 Ne5 14. f4 Nxd3
15. cxd3 Rc8 16. d4 e6 17. d5 Qb6+ 18. Kh1 exd5 19. exd5 Bb5 20. Nxb5 Qxb5 21.
Qd4+ Kg8 22. f5 Rc5 23. fxg6 hxg6 24. Rf3 Rxd5 25. Qc3 Rc5 26. Qf6 Qc6 27. Kg1
Rc1+ 28. Rxc1 Qxc1+ 29. Rf1 Qe3+ 30. Kh1 d5 31. h3 d4 32. Rf4 d3 33. Rh4 Qe1+
34. Kh2 Qe5+ 35. Qxe5 1-0

[Event "Challenge"]
[Site "http://www.queenalice.com/game.php?id=490460"]
[Date "2008.11.9"]
[Round "-"]
[White "edgarmribeiro"]
[Black "yanefernandes"]
[Result "0-1"]
[WhiteElo "1203"]
[BlackElo "1461"]

1. e4 c5 2. Qh5 d6 3. Bb5+ Bd7 4. Bc4 g6 5. Qf3 Nf6 6. Qe3 Nc6 7. c3 Bg7 8. h3
a6 9. Be2 O-O 10. c4 Be6 11. Nf3 Nb4 12. Na3 Qd7 13. g4 b5 14. Bd1 bxc4 15. g5
Nh5 16. Be2 Bxh3 17. Bxc4 Qa4 18. Rxh3 Qxa3 19. Bb3 Bxb2 20. Rb1 Bxc1 21. Qc3
Nxa2 22. Bxf7+ Rxf7 23. Qc4 Nf4 24. Rxh7 Kxh7 25. Qxf7+ Kh8 26. Qxf4 Bb2 27. Rd1
Kg7 28. Nh4 Nc1 29. Kf1 Qh3+ 30. Ng2 Qh1# 0-1

[Event "Challenge"]
[Site "http://www.queenalice.com/game.php?id=494380"]
[Date "2008.11.17"]
[Round "-"]
[White "chess4me"]
[Black "yanefernandes"]
[Result "1-0"]
[WhiteElo "1689"]
[BlackElo "1500"]

1. Nf3 Nc6 2. d4 d5 3. Bf4 Bg4 4. e3 Nf6 5. Bb5 Qd7 6. O-O a6 7. Ba4 b5 8. Bb3
Ne4 9. c3 Qf5 10. h3 Bh5 11. Nbd2 e5 12. g4 Bxg4 13. hxg4 Qxg4+ 14. Bg3 Nxg3 15.
fxg3 Qxg3+ 16. Kh1 e4 17. Nh2 Bd6 18. Qe2 O-O 19. Rg1 Qh3 20. Rg2 Ne7 21. Qg4
Qxg4 22. Rxg4 f5 23. Rg2 c6 24. Rag1 g6 25. Bc2 f4 26. exf4 Bxf4 27. Nb3 Rf7 28.
Nc5 Nf5 29. Nf1 Be3 30. Nxe3 Nxe3 31. Re2 Nxc2 32. Rxc2 a5 33. Kg2 Re8 34. a4
Kg7 35. Ra1 b4 36. cxb4 axb4 37. Na6 e3 38. Nxb4 e2 39. Re1 Re6 40. a5 Ref6 41.
Rexe2 Ra7 42. Nxc6 Rc7 43. Re7+ Rxe7 44. Nxe7 Ra6 45. b4 Kf7 46. Nc6 Ke8 47. b5
Ra8 48. b6 Kd7 49. b7 Rc8 50. Ne5+ 1-0

[Event "NoiZe"]
[Site "http://www.queenalice.com/game.php?id=495790"]
[Date "2008.11.20"]
[Round "-"]
[White "DrIgO"]
[Black "yanefernandes"]
[Result "0-1"]
[WhiteElo "1441"]
[BlackElo "1465"]

1. d4 d5 2. b3 Bf5 3. Bb2 Nf6 4. Nc3 e6 5. Qd2 c5 6. dxc5 Bxc5 7. O-O-O Nc6 8.
g3 Qe7 9. Nb5 a6 10. Nc7+ Qxc7 11. Qg5 Ne4 12. Qxg7 O-O-O 13. Be5 Bd6 14. Bf6
Rhg8 15. Bxd8 Rxg7 16. Bxc7 Nxf2 17. Bxd6 Nxh1 18. c4 Nf2 19. Rd2 Ne4 20. Be5
Nxd2 21. Kxd2 Nxe5 22. cxd5 exd5 23. a4 f6 24. Bg2 Be4 25. Bh3+ Kc7 26. g4 Nxg4
27. e3 Nxh2 28. Ne2 Bg2 29. Be6 Nf1+ 30. Ke1 Nxe3 31. Kf2 Ng4+ 32. Kxg2 h5 33.
Nc3 Ne5+ 34. Kf1 d4 35. Ne4 d3 36. b4 Nf3 37. Nc5 d2 38. Ke2 Rg1 39. Kxf3 d1=Q+
40. Kf2 Qe1+ 41. Kf3 Rf1+ 42. Kg2 Qf2+ 43. Kh3 Rh1# 0-1

[Event "Let's Play Chess!"]
[Site "http://www.queenalice.com/game.php?id=525798"]
[Date "2009.1.20"]
[Round "-"]
[White "yanefernandes"]
[Black "axelsun"]
[Result "0-1"]
[WhiteElo "1508"]
[BlackElo "1837"]

1. e4 e5 2. Nf3 Nc6 3. Bb5 a6 4. Bxc6 dxc6 5. d3 Bg4 6. h3 Bxf3 7. Qxf3 Bb4+ 8.
c3 Ba5 9. Qg3 Qf6 10. Bg5 Qg6 11. f4 f6 12. Bh4 Qxg3+ 13. Bxg3 O-O-O 14. fxe5
Rxd3 15. Bf2 fxe5 16. O-O Nf6 17. Bg3 Rxg3 18. Nd2 Bb6+ 19. Kh2 Rd3 20. Nc4 Re8
21. Rae1 Rd7 22. a4 Bc5 23. b4 Ba7 24. Rf5 Rde7 25. g4 Nd7 26. Ref1 b5 27. axb5
cxb5 28. Na5 Nb8 29. Rf8 Kd7 30. Rxe8 Kxe8 31. Rf5 c5 32. h4 cxb4 33. cxb4 Be3
34. Nb3 Nc6 0-1

[Event "Let's Play Chess!"]
[Site "http://www.queenalice.com/game.php?id=525978"]
[Date "2009.1.20"]
[Round "-"]
[White "CampbellMarcel"]
[Black "yanefernandes"]
[Result "1-0"]
[WhiteElo "1726"]
[BlackElo "1508"]

1. e4 c5 2. Nf3 d6 3. e5 Nc6 4. exd6 exd6 5. Bb5 Qe7+ 6. Be2 Bg4 7. O-O Nf6 8.
Re1 O-O-O 9. h3 Bh5 10. g4 Bg6 11. d3 h6 12. Nc3 Ne5 13. Nxe5 Qxe5 14. f4 Qd4+
15. Kh1 Nd5 16. Nb5 Qa4 17. c4 Qa6 18. cxd5 Qxb5 19. a4 Qb4 20. f5 Bh7 21. a5
Qd4 22. a6 b6 23. Ra3 Qxd5+ 24. Bf3 Qe5 25. Rxe5 1-0

[Event "Let's Play Chess!"]
[Site "http://www.queenalice.com/game.php?id=525981"]
[Date "2009.1.20"]
[Round "-"]
[White "yanefernandes"]
[Black "CampbellMarcel"]
[Result "1-0"]
[WhiteElo "1450"]
[BlackElo "1747"]

1. e4 b6 2. Nc3 e6 3. d4 Bb7 4. Nf3 Bb4 5. Bd2 Bxc3 6. Bxc3 Bxe4 7. Bd3 Bb7 8.
O-O Ne7 9. Ng5 g6 10. d5 Nxd5 11. Bxh8 1-0

[Event "AUTO-INT-1177"]
[Site "http://www.queenalice.com/game.php?id=526206"]
[Date "2009.1.20"]
[Round "1"]
[White "yanefernandes"]
[Black "alesson"]
[Result "1-0"]
[WhiteElo "1523"]
[BlackElo "1492"]

1. e4 e5 2. Nf3 d6 3. d4 exd4 4. Nxd4 d5 5. Nc3 dxe4 6. Nxe4 Bc5 7. Nxc5 Qe7+ 8.
Qe2 Qxe2+ 9. Bxe2 b6 10. Nd3 c5 11. Bf3 cxd4 12. Bxa8 Nf6 13. O-O O-O 14. Bg5
Nfd7 15. Rfe1 f6 16. Bf4 Na6 17. Bd6 Ndc5 18. Bxf8 Nxd3 19. cxd3 Kxf8 20. Rac1
Be6 21. Rxe6 Nb4 22. Rc8+ Kf7 23. Ree8 Nxd3 24. Bd5+ Kg6 25. Be4+ f5 26. Re6+
Kf7 27. Bxf5 Nxb2 28. Rc7+ Kf8 29. Rd6 Ke8 30. Rxa7 g6 31. Rxb6 gxf5 32. Rb8#
1-0

[Event "AUTO-INT-1177"]
[Site "http://www.queenalice.com/game.php?id=526207"]
[Date "2009.1.20"]
[Round "1"]
[White "alesson"]
[Black "yanefernandes"]
[Result "0-1"]
[WhiteElo "1504"]
[BlackElo "1494"]

1. e4 c5 2. Qh5 d6 3. Bb5+ Bd7 4. Bc4 e6 5. Nf3 Nf6 6. Qh4 b5 7. Be2 Be7 8. e5
dxe5 9. Nxe5 Nd5 10. Qh5 g6 11. Qf3 O-O 12. d3 Nc6 13. Nxc6 Bxc6 14. c4 Nb4 15.
Qh3 Nc2+ 16. Kd1 Nxa1 17. b3 Bf6 18. Ba3 bxc4 19. bxc4 Ba4+ 20. Ke1 Nc2+ 21. Kf1
Nxa3 22. Nxa3 Qb6 23. g3 Bd4 24. Bf3 Rab8 25. Kg2 Qb2 26. Rb1 Qxf2+ 27. Kh1
Rxb1+ 28. Nxb1 Qg1# 0-1

[Event "AUTO-INT-1177"]
[Site "http://www.queenalice.com/game.php?id=526210"]
[Date "2009.1.20"]
[Round "1"]
[White "yanefernandes"]
[Black "wandi"]
[Result "0-1"]
[WhiteElo "1548"]
[BlackElo "1387"]

1. e4 e5 2. Nf3 Nc6 3. Bc4 Bc5 4. c3 Nf6 5. d4 exd4 6. cxd4 Bb4+ 7. Bd2 Nxe4 8.
Bxb4 Nxb4 9. Qe2 d5 10. Bb3 Bf5 11. Nbd2 O-O 12. Ne5 a5 13. f3 a4 14. Bd1 Qh4+
15. Kf1 Nd6 16. b3 f6 17. Ng4 Bd3 0-1

[Event "AUTO-INT-1177"]
[Site "http://www.queenalice.com/game.php?id=526211"]
[Date "2009.1.20"]
[Round "1"]
[White "wandi"]
[Black "yanefernandes"]
[Result "1-0"]
[WhiteElo "1536"]
[BlackElo "1498"]

1. e4 c5 2. Nf3 d6 3. d4 cxd4 4. Nxd4 Nc6 5. Nc3 e5 6. Nxc6 bxc6 7. Bc4 h6 8.
O-O Nf6 9. Qf3 Bg4 10. Qd3 Be7 11. Bb3 O-O 12. h3 Bh5 13. Qa6 Qc7 14. Be3 d5 15.
exd5 cxd5 16. Nxd5 Nxd5 17. Bxd5 Rad8 18. Bb3 Bc5 19. Bxh6 gxh6 20. Qxh6 Bg6 21.
Qg5 Rfe8 22. h4 Kh7 23. h5 Be4 24. h6 Rg8 25. Qh4 Bg6 26. Rac1 Be7 27. Qc4 Qxc4
28. Bxc4 Kxh6 29. Rfd1 Rxd1+ 30. Rxd1 Bxc2 31. Rd7 Re8 32. Rxa7 f6 33. Rc7 Bd6
34. Rc6 Be7 35. Bb5 Bg6 36. Re6 Rb8 37. a4 Bd8 38. f3 Bf5 39. Re8 Bd3 40. Bxd3
Bb6+ 41. Kh2 Rxe8 42. b4 Bf2 43. a5 Rh8 44. g3 Kg5+ 45. Kg2 Be3 46. Be4 f5 47.
Bd5 f4 48. b5 fxg3 49. Kxg3 Bf4+ 50. Kg2 Rh2+ 51. Kf1 Rd2 52. Bc6 Be3 53. b6 Kf4
54. b7 Kg3 55. b8=Q Rd1+ 56. Ke2 1-0

[Event "Repeteco!"]
[Site "http://www.queenalice.com/game.php?id=529213"]
[Date "2009.1.25"]
[Round "-"]
[White "edgarmribeiro"]
[Black "yanefernandes"]
[Result "1-0"]
[WhiteElo "1524"]
[BlackElo "1469"]

1. e4 c5 2. Qf3 d6 3. Bc4 e6 4. Ne2 Nc6 5. Nec3 Nd4 6. Qd3 Nf6 7. O-O Be7 8. Na3
a6 9. Ne2 Nxe2+ 10. Qxe2 b5 11. Nxb5 axb5 12. Bxb5+ Bd7 13. a4 Bxb5 14. axb5
Rxa1 15. g4 O-O 16. h3 d5 17. d3 dxe4 18. dxe4 Qa8 19. f3 Rb8 20. Kg2 Nd7 21.
Qd2 Ne5 22. b3 Bf6 23. g5 Nd7 24. gxf6 Nxf6 25. Rf2 Rxb5 26. Bb2 Nxe4 27. Qd3
Rb4 28. Bxa1 Nxf2 29. Kxf2 f5 30. Qc3 Qa7 31. Kg2 Rb7 32. Qe5 Qa6 33. Bc3 c4 34.
b4 Qb5 35. Qxe6+ Rf7 36. Qe5 Qxe5 37. Bxe5 Re7 38. f4 g5 39. Kf3 h6 40. b5 gxf4
41. Kxf4 Rb7 42. Kxf5 Rxb5 43. h4 c3 44. Kg6 Rxe5 45. Kxh6 1-0

[Event "Challenge"]
[Site "http://www.queenalice.com/game.php?id=556985"]
[Date "2009.3.16"]
[Round "-"]
[White "yanefernandes"]
[Black "terrapinflyer314"]
[Result "1-0"]
[WhiteElo "1486"]
[BlackElo "1500"]

1. e4 e5 2. Nf3 Nc6 3. Bc4 d6 4. h3 h6 5. d4 exd4 6. Nxd4 Ne5 7. Bb3 Qf6 8. Be3
Qg6 9. g4 Qxe4 10. Rf1 Qg6 11. Nc3 Qf6 12. Nd5 Qd8 13. Qe2 c6 14. Nc3 d5 15.
O-O-O Nf6 16. Bf4 1-0

[Event "Challenge"]
[Site "http://www.queenalice.com/game.php?id=556986"]
[Date "2009.3.16"]
[Round "-"]
[White "yanefernandes"]
[Black "Ebbe"]
[Result "0-1"]
[WhiteElo "1504"]
[BlackElo "1778"]

1. e4 e5 2. Nf3 Nc6 3. Bc4 h6 4. d4 exd4 5. Nxd4 Ne5 6. Bb3 Nf6 7. Nc3 Bb4 8.
Bd2 Bxc3 9. Bxc3 Nxe4 10. Bb4 c5 11. Qe2 cxb4 12. Qxe4 d6 13. O-O O-O 14. f4 Ng4
15. f5 Nf6 16. Qf3 Qb6 17. Rfd1 Qc5 18. Kh1 a5 19. a3 Bd7 20. Qxb7 Bxf5 21. Nxf5
Qxf5 22. Rxd6 Qe5 23. Rad1 Rae8 24. Qa7 Ng4 25. g3 Ne3 26. R1d2 Qe4+ 27. Kg1 Nc4
28. Bxc4 Qxc4 29. Qxa5 Re1+ 30. Kg2 Qf1# 0-1

[Event "Challenge"]
[Site "http://www.queenalice.com/game.php?id=577245"]
[Date "2009.4.25"]
[Round "-"]
[White "yanefernandes"]
[Black "Prestow"]
[Result "0-1"]
[WhiteElo "1482"]
[BlackElo "1593"]

1. e4 e5 2. Nf3 Nc6 3. Bc4 h6 4. d4 Bd6 5. d5 Nb4 6. a3 Na6 7. Bxa6 bxa6 8. c4
Qe7 9. Nc3 Nf6 10. b4 c5 11. dxc6 dxc6 12. Be3 c5 13. bxc5 Bxc5 14. Nd5 Qd6 15.
Nxf6+ gxf6 16. Bxc5 Qxc5 17. Qd5 Qxd5 18. exd5 Rg8 19. Nh4 Rg4 20. g3 Rxc4 21.
Rd1 Ra4 22. Rd3 Rd4 23. Rxd4 exd4 24. Nf5 Bxf5 25. Ke2 d3+ 26. Kd2 Rd8 27. g4
Bg6 28. f4 Rxd5 29. f5 Bh7 30. Re1+ Kf8 31. Re3 Rd4 32. h3 h5 33. Rxd3 Rf4 34.
gxh5 Bxf5 35. Rd8+ Kg7 36. Ra8 Bxh3 37. Rxa7 Bc8 38. Rc7 Be6 39. Rc3 Rh4 40. Rc6
a5 41. Rc5 a4 42. Kc3 Kh6 0-1